[Event "FIN-chT 9596"]
[Site "FIN"]
[Date "1996.??.??"]
[Round "2"]
[White "Hintikka, Eero"]
[Black "Nokso Koivisto, Antti"]
[Result "1-0"]
[WhiteElo "2170"]
[BlackElo "2240"]

1.d4 Nf6 2.c4 e6 3.Nf3 b6 4.g3 Ba6 5.Qc2 c5 6.d5 exd5 7.cxd5 d6 8.Nc3 Be7
9.Bg2 b5 10.O-O b4 11.Ne4 Nxe4 12.Qxe4 O-O 13.Re1 Nd7 14.Qc2 Bf6 15.Bf4 Qc7
16.Rad1 Rfe8 17.Bg5 Bxg5 18.Nxg5 Nf8 19.f4 c4 20.e4 Qb6+ 21.Kh1 b3 22.axb3 cxb3
23.Qc6 f6 24.Nf3 Bb7 25.Qxb6 axb6 26.Rd3 Ra4 27.Nd2 Ra2 28.Rb1 Rc8 29.Rxb3 Rc2
30.Nf1 Nd7 31.Ne3 Re2 32.Nc4 Nc5 33.Rxb6 Ba6 34.Nxd6 h5 35.Bh3 Bd3 36.Rc1 Nxe4
37.Rb8+ Kh7 38.Bf5+ g6 39.Rc7+  1-0

[Event "FIN-chT 9596"]
[Site "FIN"]
[Date "1996.??.??"]
[Round "3"]
[White "Issakainen, Ari"]
[Black "Keskisarja, Teemu"]
[Result "1-0"]
[WhiteElo "2265"]
[BlackElo "2255"]

1.d4 Nf6 2.c4 e6 3.Nf3 b6 4.g3 Ba6 5.Qa4 c5 6.Bg2 Bb7 7.O-O cxd4 8.Nxd4 Bxg2
9.Kxg2 Be7 10.Nc3 O-O 11.e4 Qc7 12.Bf4 Qb7 13.f3 a6 14.Rac1 d6 15.Be3 Rc8
16.Qb3 Nbd7 17.Nb1 Rc7 18.Qd3 Rac8 19.Qe2 Bf8 20.b3 d5 21.cxd5 Rxc1 22.Bxc1 exd5
23.e5 Re8 24.f4 Ne4 25.Bb2 Ndc5 26.Rd1 f6 27.Nf3 f5 28.Nbd2 Ne6 29.Nf1 Bc5
30.a3 b5 31.b4 Bb6 32.Nd4 Bxd4 33.Bxd4 g6 34.Ne3 Rc8 35.Qa2 Rc4 36.Qb2 Qc6
37.Kg1 Nxd4 38.Rxd4 Rc1+ 39.Kg2 Rc3 40.Qe2 Qb6 41.Rd3 Qb7 42.Nxd5 Rc8 43.Kh3 Rc6
44.Qa2 Kg7 45.Qb2 Kh6 46.Ne3 Qc8 47.Kh4 Rc1 48.g4 fxg4 49.Nxg4+ Kg7 50.e6+ Kg8
51.e7 Kf7 52.Rd8 g5+ 53.fxg5  1-0

[Event "FIN-chT 9697"]
[Site "FIN"]
[Date "1996.??.??"]
[Round "4.4"]
[White "Tikkanen, Kari"]
[Black "Hentunen, Asko"]
[Result "1-0"]
[WhiteElo "2265"]
[BlackElo "2310"]

1.d4 Nf6 2.c4 e6 3.Nf3 b6 4.g3 Ba6 5.b3 d5 6.Bg2 c6 7.Nbd2 b5 8.O-O Be7 9.Bb2 Nbd7
10.c5 b4 11.Re1 O-O 12.Qc2 Bb5 13.a3 bxa3 14.Rxa3 Re8 15.Bc3 Bf8 16.b4 g6
17.Ne5 Nxe5 18.dxe5 Nd7 19.Nb3 Qc7 20.f4 Bg7 21.Qb2 Bc4 22.Na5 Bb5 23.e4 Rab8
24.Qa1 a6 25.Bd4 Rf8 26.exd5 cxd5 27.Rae3 Rfe8 28.Qc3 Rbc8 29.g4 Bh6 30.f5 Nb8
31.f6 Red8 32.Rh3 Bg5 33.Qg3 Nd7 34.Be3 Qxe5 35.Qxe5 Nxe5 36.Bxg5 Nd3 37.Rb1 e5
38.Bd2 e4 39.g5 Ne5 40.Bf4 Bd3 41.Rb3 Nc4 42.Nb7 Rd7 43.Nd6 Rc6 44.Rhxd3 exd3
45.Rxd3 Nxd6 46.Rxd5 Rd8 47.Rxd6 Rcc8 48.Rxd8+ Rxd8 49.c6 Rd1+ 50.Kf2 Rd4
51.Ke3  1-0

[Event "FIN-chT 9697"]
[Site "FIN"]
[Date "1996.??.??"]
[Round "4.1"]
[White "Lehtivaara, Petri"]
[Black "Veingold, Aleksandr"]
[Result "1-0"]
[WhiteElo "2330"]
[BlackElo "2425"]

1.d4 Nf6 2.c4 e6 3.Nf3 b6 4.g3 Ba6 5.b3 Bb4+ 6.Bd2 Be7 7.Nc3 c6 8.e4 d5 9.cxd5 Bxf1
10.Kxf1 cxd5 11.e5 Ne4 12.Qe2 Nxc3 13.Bxc3 Qc8 14.Qd2 a5 15.Kg2 Nc6 16.h4 h5
17.Ng5 Ra7 18.Rac1 Rc7 19.Bb2 g6 20.Qf4 Nd8 21.Rxc7 Qxc7 22.Rc1 Qb7 23.Rc2 b5
24.Bc1 a4 25.bxa4 bxa4 26.Qf3 O-O 27.Ba3 Nc6 28.Bxe7 Nxe7 29.Qa3 Ra8 30.Rc5 Nf5
31.Qc3 Ra7 32.Rc8+ Kg7 33.Rc5 a3 34.Rc8 Qb6 35.Qc5 Qxc5 36.dxc5 Ne7 37.Re8 Rc7
38.Ra8 Nc6 39.Nf3 d4 40.Rxa3 Nb4 41.Ra4 Nc2 42.Rc4 d3 43.Nd2 Na3 44.Rc3 Nb5
45.Rxd3 Rxc5 46.Nf3 Rc7 47.a4 Nc3 48.a5 Nd5 49.Ra3 Nb4 50.Nd4 Rc4 51.a6 Nxa6
52.Nxe6+ fxe6 53.Rxa6 Kf7 54.Ra7+ Kf8 55.Kf3 Rb4 56.Ke3 Rc4 57.Rd7 Ra4 58.Rd4 Ra2
59.Rd7 Ra4 60.f3 Rb4 61.Rd4  1-0

[Event "FIN-chT 9596"]
[Site "FIN"]
[Date "1996.??.??"]
[Round "5"]
[White "Henttinen, Markku IO"]
[Black "Tolonen, Leo Toivovich"]
[Result "0-1"]
[WhiteElo "2290"]
[BlackElo "2335"]

1.d4 Nf6 2.c4 e6 3.Nf3 b6 4.g3 Ba6 5.Nbd2 c5 6.Bg2 Bb7 7.O-O cxd4 8.Nxd4 Bxg2
9.Kxg2 a6 10.e3 Qc8 11.Qf3 Nc6 12.Nxc6 Qxc6 13.b3 Be7 14.Bb2 O-O 15.Rac1 Rfc8
16.Rfd1 Ra7 17.e4 d6 18.e5 dxe5 19.Qxc6 Rxc6 20.Bxe5 Nd7 21.Bb2 f6 22.Nf3 e5
23.Rd5 Rd6 24.Rcd1 Rxd5 25.Rxd5 Kf7 26.Nh4 g6 27.f4 exf4 28.gxf4 Rc7 29.Rd2 Bb4
30.Re2 Bd6 31.Kf3 b5 32.cxb5 axb5 33.Ng2 Bc5 34.Ne3 Ra7 35.Bc1 Nf8 36.Rc2 Ne6
37.Rd2 Nd4+ 38.Kg3 Nxb3 39.Rc2 Nxc1 40.Rxc5 Ra3 41.Kf3 Nxa2 42.Rxb5 f5 43.Rb7+ Kg8
44.h4 Nc1 45.Rd7 Nd3 46.Rd4 Nc5 47.Rd5 Ne4 48.Rb5 Ra2 49.Nxf5  0-1

[Event "FIN-chT 9596"]
[Site "FIN"]
[Date "1996.??.??"]
[Round "11"]
[White "Veingold, Aleksandr"]
[Black "Manninen, Marko"]
[Result "1-0"]
[WhiteElo "2425"]
[BlackElo "2380"]

1.d4 Nf6 2.Nf3 e6 3.c4 b6 4.g3 Ba6 5.b3 Bb7 6.Bg2 Bb4+ 7.Bd2 c5 8.Bxb4 cxb4
9.O-O O-O 10.Qd3 Qe7 11.Nbd2 d6 12.Ne1 Bxg2 13.Nxg2 e5 14.dxe5 dxe5 15.Ne3 Rd8
16.Nd5 Qe6 17.e4 Nc6 18.f4 Qh3 19.f5 Nd4 20.Nf3 Nxd5 21.exd5 Nxf3+ 22.Qxf3 Rd6
23.Rae1 Re8 24.Re4 Qh6 25.Qf4 Qxf4 26.gxf4 f6 27.Rfe1 Rf8 28.Kf2 exf4 29.Kf3 Rd7
30.Re7 Rfd8 31.Kxf4 Kf8 32.Rxd7 Rxd7 33.Re6 Kf7 34.d6 g6 35.Ke4  1-0

[Event "Finkenstein op"]
[Site "Finkenstein"]
[Date "1996.??.??"]
[Round "5"]
[White "Bergen, Peter"]
[Black "Reichmann, Egon"]
[Result "1/2-1/2"]
[WhiteElo "2155"]
[BlackElo "2275"]

1.d4 Nf6 2.c4 e6 3.Nf3 b6 4.g3 Ba6 5.Nbd2 c5 6.Bg2 Nc6 7.dxc5 bxc5 8.Qa4 Qc8
9.O-O Rb8 10.Re1 Be7 11.a3 O-O 12.e4 d6 13.h3 Nd7 14.Rb1 Bf6 15.Qc2 Bd4 16.b4 cxb4
17.Nxd4 Nxd4 18.Qd3 Nc6 19.Qxd6 Rd8 20.Qf4 Nc5 21.Bf1 e5 22.Qe3 Nd4 23.axb4 Nc2
24.Qc3 Nxe1 25.bxc5 Rxb1 26.Nxb1 Rd1 27.Nd2 Qd7 28.Nb3 Bb7 29.f3 Nd3 30.Bd2 Nc1
31.Bxc1 Qxh3  1/2-1/2

[Event "FRA-chT"]
[Site "France"]
[Date "1996.??.??"]
[Round "?"]
[White "Kallai, Gabor"]
[Black "Komarov, Dimitri"]
[Result "1/2-1/2"]
[WhiteElo "2500"]
[BlackElo "2595"]

1.d4 Nf6 2.c4 e6 3.Nf3 b6 4.g3 Ba6 5.b3 Bb4+ 6.Bd2 Be7 7.Bg2 c6 8.O-O d5
9.Ne5 Nfd7 10.Nxd7 Nxd7 11.Bc3 O-O 12.Nd2 Rc8 13.e4 b5 14.Re1 bxc4 15.bxc4 dxc4
16.Qc2 Re8 17.Rad1 Bf8 18.a4 Qc7 19.Bf1 c5 20.d5 exd5 21.exd5 Ne5 22.Bxe5 Rxe5
23.Rxe5 Qxe5 24.Nxc4 Bxc4 25.Bxc4 Rb8 26.Bb5 Rd8 27.Qd3 g6 28.Rd2  1/2-1/2

[Event "Eikrem mem"]
[Site "Gausdal"]
[Date "1996.??.??"]
[Round "4"]
[White "Bjerke, Richard"]
[Black "Hjartarson, Johann"]
[Result "0-1"]
[WhiteElo "2275"]
[BlackElo "2565"]

1.d4 Nf6 2.c4 e6 3.Nf3 b6 4.g3 Ba6 5.b3 Bb4+ 6.Bd2 Be7 7.Bg2 d5 8.cxd5 exd5
9.O-O O-O 10.Nc3 Bb7 11.Bf4 Na6 12.Qc2 Qc8 13.Rfd1 Rd8 14.Qb2 h6 15.Ne5 c5
16.Nb5 Qe6 17.Rac1 Ne4 18.a4 Bf6 19.Nf3 Qe7 20.Be5 Bxe5 21.Nxe5 Nb4 22.e3 a6
23.Nc3 Nf6 24.Nd3 Nxd3 25.Rxd3 Rab8 26.dxc5 bxc5 27.Qa3 d4 28.Bxb7 Qxb7 29.Ne2 Ng4
30.exd4 Ne5 31.dxe5 Rxd3 32.Nf4 Rxb3 33.Qxc5 Rb1  0-1

[Event "BL2-S9596"]
[Site "Germany"]
[Date "1996.??.??"]
[Round "?"]
[White "Schwalfenberg, Joerg"]
[Black "Kabatianski, Alexandr"]
[Result "1/2-1/2"]
[WhiteElo "2300"]
[BlackElo "2445"]

1.d4 Nf6 2.c4 e6 3.Nf3 b6 4.g3 Ba6 5.Qa4 Bb7 6.Bg2 c5 7.dxc5 Bxc5 8.Nc3 O-O
9.O-O Be7 10.Rd1 Na6 11.Rd4 Nc5 12.Qd1 Qc8 13.Bf4 Rd8 14.Rc1 h6 15.b4 Nce4
16.Nd5 exd5 17.cxd5 Nc3 18.Qd3 Nfxd5 19.Rxd5 Nxd5 20.Rxc8 Raxc8 21.Bd2 Nxb4  1/2-1/2

[Event "BL2-W9596"]
[Site "Germany"]
[Date "1996.??.??"]
[Round "?"]
[White "Dydyshko, Viacheslav"]
[Black "Roeder, Mathias"]
[Result "1-0"]
[WhiteElo "2575"]
[BlackElo "2445"]

1.d4 Nf6 2.c4 e6 3.Nf3 b6 4.g3 Ba6 5.b3 Bb4+ 6.Bd2 Be7 7.Bg2 d5 8.Ne5 O-O
9.O-O Bb7 10.Nc3 Na6 11.cxd5 exd5 12.Qc2 h6 13.Rfd1 Qc8 14.Nd3 c5 15.Qb2 Rd8
16.Rac1 Qd7 17.Be3 g5 18.Na4 Ng4 19.Bh3 Bf6 20.Ne1 Bc8 21.Qd2 Qe7 22.Bxg4 Bxg4
23.Nc2 Bf5 24.Nc3 Nb4 25.Nxb4 cxb4 26.Nb1 Rac8 27.Qb2 Bg4 28.Re1 Bh8 29.Qd2 Re8
30.Qd3 a5 31.Nd2 Qd7 32.Nf1 Rxc1 33.Rxc1 Rc8 34.Rxc8+ Qxc8 35.f3 Be6 36.Bd2 f5
37.h3 Bf6 38.g4 Kg7 39.Ne3 f4 40.Nf5+ Bxf5 41.gxf5 Qd7 42.Kg2 Qc6 43.e4 fxe3
44.Bxe3 Qd6 45.Bf2 Qd7 46.Bg3 Kf7 47.Be5 Qc6 48.Qe2 a4 49.h4 Bxe5 50.dxe5 d4
51.hxg5 hxg5 52.Qd2 Qd5 53.e6+ Kf6 54.Qd3 g4 55.Kg3 gxf3 56.Qxf3 Qe5+ 57.Kg2 d3
58.Qxd3 Qb2+ 59.Kf3 Qxa2 60.Qd4+ Kxf5 61.Qe4+ Kf6 62.e7 Qxb3+ 63.Kf4  1-0

[Event "BL2-N9596"]
[Site "Germany"]
[Date "1996.??.??"]
[Round "?"]
[White "Bach, Matthias"]
[Black "Schulz, Rainer"]
[Result "1-0"]
[WhiteElo "2330"]
[BlackElo "2265"]

1.d4 Nf6 2.c4 e6 3.Nf3 b6 4.g3 Ba6 5.b3 Bb7 6.Bg2 Bb4+ 7.Bd2 a5 8.O-O O-O
9.Bc3 d5 10.Bb2 Be7 11.Nc3 Na6 12.Ne5 c6 13.Rc1 Nd7 14.Nxd7 Qxd7 15.e4 dxc4
16.bxc4 b5 17.Qg4 Nb4 18.d5 f5 19.exf5 exf5 20.Qe2 Bf6 21.a3 Rae8 22.Qf3 Bxc3
23.Bxc3 Na2 24.dxc6 Bxc6 25.Qxc6 Qxc6 26.Bxc6 Nxc1 27.Rxc1 Re2 28.cxb5 f4
29.Kf1  1-0

[Event "BL2-W9596"]
[Site "Germany"]
[Date "1996.??.??"]
[Round "?"]
[White "Roeder, Mathias"]
[Black "Chuchelov, Vladimir"]
[Result "1-0"]
[WhiteElo "2445"]
[BlackElo "2510"]

1.d4 Nf6 2.c4 e6 3.Nf3 b6 4.g3 Ba6 5.b3 d5 6.Bg2 Bb4+ 7.Bd2 Be7 8.cxd5 exd5
9.O-O O-O 10.Nc3 Bb7 11.Qc2 Na6 12.Rfd1 Qc8 13.Qb2 h6 14.Ne5 Rd8 15.Nd3 c5
16.Nf4 g5 17.Nd3 Ne4 18.dxc5 Bf6 19.Rac1 Naxc5 20.Nxc5 Nxc5 21.b4 Ne4 22.Qb3 Nxd2
23.Rxd2 d4 24.Bxb7 Qxb7 25.Nd1 Rac8 26.Rdc2 a6 27.Rxc8 Rxc8 28.Qf3 Rxc1 29.Qxb7 Rxd1+
30.Kg2 d3 31.exd3 Rxd3 32.Qxb6 Bd4 33.Qxh6 Ra3 34.Qxg5+  1-0

[Event "BL2-W9596"]
[Site "Germany"]
[Date "1996.??.??"]
[Round "?"]
[White "Roeder, Mathias"]
[Black "Morawietz, Dieter"]
[Result "1/2-1/2"]
[WhiteElo "2445"]
[BlackElo "2415"]

1.d4 Nf6 2.c4 e6 3.Nf3 b6 4.g3 Ba6 5.b3 Bb7 6.Bg2 Bb4+ 7.Bd2 c5 8.Bxb4 cxb4
9.O-O O-O 10.Nbd2 d6 11.Ne1 Bxg2 12.Nxg2 Nbd7 13.Qc2 e5 14.Ne4 Nxe4 15.Qxe4 Nf6
16.Qd3 Qc8 17.e4 Qb7 18.f3 Rac8 19.Ne3 b5 20.Rfd1 bxc4 21.Nxc4 Qb8 22.dxe5 dxe5
23.Qd6 Rfe8 24.Qxb8 Rxb8 25.Rd6 h5 26.Rad1 Kh7 27.Kf2 Re7 28.h4 Rbb7 29.Ke3 Ne8
30.R6d5 f6 31.f4 exf4+ 32.gxf4 g6 33.Kf3 Nc7 34.Rd7 Nb5 35.Rxb7 Rxb7 36.Rd5 Nc3
37.Ra5 Rd7 38.Ke3 Nd1+ 39.Kf3 Nc3 40.Ke3 Nd1+ 41.Kf3 Nc3  1/2-1/2

[Event "BL2-W9596"]
[Site "Germany"]
[Date "1996.??.??"]
[Round "?"]
[White "Romanishin, Oleg M"]
[Black "Chuchelov, Vladimir"]
[Result "1-0"]
[WhiteElo "2590"]
[BlackElo "2510"]

1.d4 Nf6 2.Nf3 e6 3.c4 b6 4.g3 Ba6 5.Nbd2 Bb7 6.Bg2 c5 7.d5 exd5 8.Nh4 g6
9.cxd5 Bg7 10.Nc4 O-O 11.O-O d6 12.a4 Ne8 13.Qc2 Na6 14.e4 Nb4 15.Qb3 Ba6
16.Re1 b5 17.axb5 Bxb5 18.Na5 Rb8 19.Bf1 Nc7 20.Qd1 Bxf1 21.Rxf1 Nb5 22.Nf3 Re8
23.Re1 Qd7 24.Nc4 f5 25.e5 dxe5 26.Nfxe5 Qxd5 27.Qxd5+ Nxd5 28.Kf1 Nb4 29.Nf3 Nd3
30.Rxe8+ Rxe8 31.Be3 Re7 32.Rd1 f4 33.gxf4 Re4 34.b3 Nxf4 35.Rd8+ Bf8 36.Ng5 Rd4
37.Rxd4 Nxd4 38.Bxf4 Nxb3 39.Ne6 Be7 40.Bc7 Kf7 41.Nf4 Nd4 42.Nd5 Bf8 43.Nf4 g5
44.Ne2 Nb5 45.Ba5 Ke6 46.f3 Kd5 47.Ne3+ Ke6 48.Kf2 Bd6 49.h3 Be7 50.Ke1 Nd6
51.Kd2 Nf7 52.Kd3 Bd6 53.Nc4 Bh2 54.Bd2 Kf6 55.Be3 h5 56.Bxc5 a5 57.Ne3 Kg6
58.Ba3 a4 59.Nc4 Kf5 60.Ne3+ Kg6 61.Bc1 Bd6 62.Nc4 Bb4 63.Ke4 Nd6+ 64.Nxd6 Bxd6
65.Nc3 a3 66.Na2 Kf6 67.Bd2 Bc5 68.Be1 Bd6 69.Bc3+ Ke6 70.Nb4  1-0

[Event "BL9596 (Women)"]
[Site "Germany"]
[Date "1996.??.??"]
[Round "?"]
[White "Bielicki, Birke"]
[Black "Arnhold, Kerstin"]
[Result "1-0"]
[WhiteElo "2085"]
[BlackElo "2035"]

1.d4 Nf6 2.c4 e6 3.Nf3 b6 4.g3 Ba6 5.b3 d5 6.cxd5 exd5 7.Bg2 Bd6 8.O-O Nbd7
9.Nc3 O-O 10.Nh4 Re8 11.Re1 Bb4 12.Bd2 Bxc3 13.Bxc3 Ne4 14.Bd2 Qf6 15.Be3 Qe6
16.Nf3 c5 17.Qc1 c4 18.Qa3 b5 19.Ng5 Nxg5 20.Bxg5 Bb7 21.Qb4 Bc6 22.Qa5 h6
23.Bf4 g5 24.Bd2 Nf6 25.f3 Qd7 26.Rac1 Qb7 27.Rc2 Qb6 28.Qxb6 axb6 29.Bc1 Bb7
30.b4 Re7 31.Kf2 Rae8 32.Rc3 Ra8 33.a3 Rae8 34.Bd2 Bc8 35.g4 Kg7 36.h3 Kg6
37.e3 Bb7 38.Bf1 Nd7 39.Be2 Nf8 40.Bd1 Kg7 41.Rc2 Bc6 42.Bc3 Ng6 43.Rce2 Ra7
44.Bb2 Rh8 45.Bc2 h5 46.Kg3 f6 47.Rf2 Re7 48.Rfe2 h4+ 49.Kf2 Rhe8 50.Bc1 Rd8
51.f4 Rf7 52.Kf3 Rfd7 53.Bb2 Rc7 54.Bc1 Rcd7 55.Bf5 Rd6 56.Kf2 Kh6 57.Rf1 Rf8
58.Ke1 Ne7 59.Bb1 Kg7 60.Ref2 Rdd8 61.fxg5 fxg5 62.Rxf8 Rxf8 63.Rxf8 Kxf8
64.e4 dxe4 65.Bxg5 Ng6 66.Ke2 Kf7 67.Ke3 Ke6 68.Bxe4 Be8 69.Bd8 Kd7 70.Bxb6 Ne7
71.Bc5 Nc6 72.Kf4 Ke6 73.d5+  1-0

[Event "BL2-W9697"]
[Site "Germany"]
[Date "1996.??.??"]
[Round "?.2"]
[White "Boidman, Yuri"]
[Black "Morawietz, Dieter"]
[Result "0-1"]
[WhiteElo "2365"]
[BlackElo "2430"]

1.d4 Nf6 2.Nf3 e6 3.c4 b6 4.g3 Ba6 5.Qb3 Nc6 6.Nbd2 Na5 7.Qa4 Bb7 8.Bg2 c5
9.dxc5 bxc5 10.O-O Be7 11.Ne5 Bxg2 12.Kxg2 O-O 13.Ndf3 Qc7 14.Rd1 d6 15.Bd2 Nb7
16.Nc6 Ne4 17.Nxe7+ Qxe7 18.Qc6 f5 19.Bf4 Rab8 20.Qa6 e5 21.Bc1 Nd8 22.Nd2 Rb6
23.Qa3 Qb7 24.Kg1 Ne6 25.Qd3 Nd4 26.Nf3 Nxg3 27.hxg3 e4 28.Qd2 exf3 29.e3 Ne2+
30.Kf1 Rf6 31.Qd3 Rh6 32.Ke1 Nxc1  0-1

[Event "Oberliga Ost A9596"]
[Site "Germany"]
[Date "1996.??.??"]
[Round "?"]
[White "Rausch, Stephan"]
[Black "Schulenburg, Bernd"]
[Result "1-0"]
[WhiteElo "2295"]
[BlackElo "2270"]

1.d4 Nf6 2.Nf3 e6 3.c4 b6 4.g3 Ba6 5.Nbd2 Be7 6.Bg2 O-O 7.O-O c6 8.Re1 d5
9.b3 Nbd7 10.e4 dxe4 11.Nxe4 Rc8 12.Bb2 b5 13.Nxf6+ Bxf6 14.c5 b4 15.Qc2 Bb5
16.Bc1 Re8 17.Bf4 Nf8 18.Qd2 a5 19.a3 Ng6 20.Bd6 bxa3 21.Rxa3 Be7 22.Bxe7 Rxe7
23.Rxa5 Rd7 24.Qc3 Ne7 25.Rea1 Nf5 26.Ra7 Nxd4 27.Rxd7 Ne2+ 28.Kh1 Nxc3 29.Rxd8+ Rxd8
30.Nd4 Kf8 31.Nxc6 Rc8 32.Rc1 Ne2 33.Na7 Nxc1 34.Nxc8 Nxb3 35.c6 Ba6 36.Nb6 Nd4
37.c7 Ke7 38.c8=Q Bxc8 39.Nxc8+ Kd7 40.Nb6+ Kd6 41.Nc4+ Ke7 42.Kg1 Nf5 43.Kf1 Nd4
44.Ke1 Nf5 45.Kd2 Nh6 46.Bf3 Ng8 47.Kd3 Nf6 48.Kd4 Ne8 49.Bc6 Nf6 50.h3 Ng8
51.Be4 Nf6 52.Ne5 h6 53.Bc2 Nd5 54.Bb3 Nf6 55.Ba4 Nd5 56.Bc6 Nf6 57.Ng4 Nh7
58.h4 Nf8 59.Ne5 h5 60.Ba4 f6 61.Nc4 Kf7 62.Bd1 g6 63.Kc5 Ke7 64.Nb6 f5 65.Ba4 e5
66.Kd5 e4 67.Ke5 Kf7 68.Nd7 Nh7 69.Bb3+ Kg7 70.Nc5 Nf6 71.Ne6+ Kf7 72.Ng5+ Kg7
73.Bd1 Nd7+ 74.Kd6 Nf6 75.Ke6 Ne8 76.Ke7  1-0

[Event "NRW-Liga II 9596"]
[Site "Germany"]
[Date "1996.??.??"]
[Round "?"]
[White "Titzhoff, Frank"]
[Black "Beilfuss, Wilfried"]
[Result "0-1"]
[WhiteElo "2165"]
[BlackElo "2260"]

1.d4 Nf6 2.c4 e6 3.Nf3 b6 4.g3 Ba6 5.Nbd2 Bb7 6.Bg2 c5 7.e4 cxd4 8.O-O d6
9.Nxd4 Qc7 10.Qe2 Nc6 11.Nb5 Qb8 12.b3 a6 13.Nc3 Be7 14.Bb2 O-O 15.Rfd1 Qa7
16.Nf1 Rad8 17.Ne3 Qa8 18.Na4 Nd7 19.f4 Na7 20.Ng4 b5 21.cxb5 axb5 22.Nc3 b4
23.Nh6+ Kh8 24.Nd5 exd5 25.Bxg7+ Kxg7 26.Nf5+ Kh8 27.Nxe7 dxe4 28.Rxd6 Nc8
29.Nxc8 Qxc8 30.Rad1 Nc5 31.Qb2+ Kg8 32.Qf6 Rxd6 33.Rxd6 Ne6 34.Rd1 Qc3 35.Qh4 Qe3+
36.Kh1 Qe2 37.Rg1 f6 38.Qh3 Bd5 39.Qf5 Qd3 40.Qg4+ Kh8 41.Qf5 Rf7 42.Re1 Qd2
43.Rg1 Qd4 44.Rc1 Nf8 45.Qh5 f5 46.Rd1 Qc5 47.Qg5 Ne6 48.Qh5 Nd4 49.Qg5 Rf8
50.h4 e3 51.Qh6 e2 52.Rxd4 e1=Q+ 53.Kh2 Bxg2  0-1

[Event "Bodensee-Cup"]
[Site "Germany"]
[Date "1996.??.??"]
[Round "1"]
[White "Nemet, Ivan"]
[Black "Zeller, Frank"]
[Result "1-0"]
[WhiteElo "2400"]
[BlackElo "2400"]

1.d4 Nf6 2.c4 e6 3.Nf3 b6 4.g3 Ba6 5.Nbd2 c5 6.Bg2 Nc6 7.dxc5 bxc5 8.O-O Be7
9.Qa4 Bb7 10.Ne5 Na5 11.Ndf3 O-O 12.Rd1 d6 13.Bd2 dxe5 14.Bxa5 Qb8 15.Bc3 e4
16.Ne5 Qc7 17.Qa5 Qc8 18.e3 Rd8 19.Bh3 Ne8 20.Rxd8 Qxd8 21.Qa4 Qc7 22.Rd1 Bd6
23.Qd7 Rd8 24.Rxd6 Rxd7 25.Rxd7 Qc8 26.Rxf7 h6 27.Re7 Kh8 28.Bxe6 Qb8 29.Nf7+ Kh7
30.Bf5+ Kg8 31.Be5 Qa8 32.Bg6  1-0

[Event "Bodensee-Cup"]
[Site "Germany"]
[Date "1996.??.??"]
[Round "3"]
[White "Assmann, Thomas"]
[Black "Vuckovic, Aleksandar"]
[Result "0-1"]
[WhiteElo "2340"]
[BlackElo "2290"]

1.d4 Nf6 2.Nf3 e6 3.c4 b6 4.g3 Ba6 5.b3 b5 6.cxb5 Bxb5 7.Bg2 d5 8.O-O Nbd7
9.Ba3 Be7 10.Qc2 Rc8 11.Bxe7 Qxe7 12.Nc3 Ba6 13.Qb2 c5 14.dxc5 Qxc5 15.Rfc1 Qe7
16.Nb5 Nb6 17.Rxc8+ Nxc8 18.Rc1 O-O 19.Nbd4 Qb7 20.Ne5 Nd6 21.Bf3 h6 22.Rc2 Rc8
23.Qc1 Rxc2 24.Qxc2 Qb4 25.Qd1 Nfe4 26.Nec6 Qb6 27.Qc2 e5 28.Ne7+ Kf8 29.Nxd5 Qxd4
30.Ne3 g6 31.Qc7 Ng5 32.Bd5 Nf5 33.Nxf5 Nh3+ 34.Kg2 Qxd5+ 35.Kxh3 gxf5 36.Qc2 Bb5
37.f3 Bc6 38.Kg2 Bd7 39.Kf1 Kg7 40.Ke1 Qd4 41.Qc7 Be6 42.Kf1 Kf6 43.f4 e4  0-1

[Event "Koop Tjuchem op"]
[Site "Groningen"]
[Date "1996.??.??"]
[Round "3"]
[White "Roeder, Mathias"]
[Black "Epishin, Vladimir"]
[Result "1/2-1/2"]
[WhiteElo "2435"]
[BlackElo "2620"]

1.d4 Nf6 2.c4 e6 3.Nf3 b6 4.g3 Ba6 5.b3 b5 6.cxb5 Bxb5 7.Nc3 Ba6 8.Bg2 d5
9.O-O Nbd7 10.Bb2 Be7 11.Re1 O-O 12.e4 Nxe4 13.Nxe4 dxe4 14.Nd2 Bb7 15.Bxe4 Bxe4
16.Nxe4 Nb6 17.Rc1 Nd5 18.Nc3 Bb4 19.Nxd5 Bxe1 20.Nxc7 Rc8 21.Ba3 Rxc7 22.Rxc7 Qxc7
23.Bxf8 Bxf2+ 24.Kxf2 Kxf8 25.Qd3 Qc1 26.Qc4 Qd2+ 27.Kf3 Qxa2 28.Qc8+ Ke7
29.Qc7+ Ke8 30.Qc8+  1/2-1/2

[Event "Koop Tjuchem op"]
[Site "Groningen"]
[Date "1996.??.??"]
[Round "7"]
[White "Heinis, Vincent"]
[Black "Kogan, Artur"]
[Result "0-1"]
[WhiteElo "2105"]
[BlackElo "2475"]

1.d4 Nf6 2.c4 e6 3.Nf3 b6 4.g3 Ba6 5.b3 d5 6.Bg2 Nbd7 7.O-O Bd6 8.Bf4 Bxf4
9.gxf4 dxc4 10.Ne5 Nd5 11.bxc4 Nxf4 12.Bc6 Qg5+ 13.Kh1 O-O-O 14.Nxf7 Qh5
15.Nxd8 Rxd8 16.e3 Qxd1 17.Bxd7+ Rxd7 18.Rxd1 Bb7+ 19.Kg1 Nh3+ 20.Kf1 Rf7
21.f4 g5 22.d5 gxf4 23.e4 f3 24.Rd3 exd5 25.exd5 Ba6 26.Nd2 Rg7 27.Rxf3 Rg1+
28.Ke2 Rxa1 29.Rxh3 Rxa2 30.Rh4 b5 31.c5 b4+ 32.Ke1 Ra1+ 33.Kf2 Rd1 34.Ke3 Re1+
35.Kd4 Re2 36.Nc4 b3 37.Rxh7 Bxc4 38.c6 Re8  0-1

[Event "Koop Tjuchem op"]
[Site "Groningen"]
[Date "1996.??.??"]
[Round "11"]
[White "Kempinski, Robert"]
[Black "Epishin, Vladimir"]
[Result "1-0"]
[WhiteElo "2510"]
[BlackElo "2620"]

1.d4 Nf6 2.c4 e6 3.Nf3 b6 4.g3 Ba6 5.b3 b5 6.Nbd2 Bb4 7.Qc2 bxc4 8.bxc4 c5
9.Bg2 Nc6 10.a3 Bxd2+ 11.Bxd2 cxd4 12.Qa4 Qc8 13.O-O O-O 14.Rfd1 Re8 15.e3 e5
16.Nh4 g6 17.exd4 exd4 18.Re1 Re6 19.Bg5 Ne8 20.Nf3 Nc7 21.Nd2 Bb7 22.Ne4 Kg7
23.Qd1 f5 24.Nc5 Rxe1+ 25.Qxe1 Ne6 26.Nxe6+ dxe6 27.Qd2 Qd7 28.Rd1 Re8 29.Bh6+ Kf7
30.h4 Rd8 31.h5 Ne7 32.Bxb7 Qxb7 33.Qf4 Qe4 34.Qc7 Rc8 35.Qxa7 e5 36.Bg5 Re8
37.Qb6 Qc6 38.Qa5 Qe6 39.Re1 e4 40.h6 Kg8 41.Qa7 Qd6 42.c5 Qe5 43.Qd7 Kf7
44.c6 e3 45.c7 Qa5 46.Re2 Qxa3 47.Bxe7  1-0

[Event "Hafnarfjordur op"]
[Site "Hafnarfjordur"]
[Date "1996.??.??"]
[Round "7"]
[White "Edvardsson, Kristjan"]
[Black "Thorfinnsson, Bragi"]
[Result "1/2-1/2"]
[WhiteElo "2200"]
[BlackElo "2155"]

1.d4 Nf6 2.c4 e6 3.Nf3 b6 4.g3 Ba6 5.b3 Bb4+ 6.Bd2 Be7 7.Nc3 d5 8.Bg2 c6
9.Ne5 Nfd7 10.Nxd7 Nxd7 11.O-O f5 12.Re1 O-O 13.Qc2 Rc8 14.cxd5 cxd5 15.Qb2 Bd6
16.e3 Nf6 17.Rec1 Qe8 18.a4 Ne4 19.Be1 Rb8 20.Nb5 Bxb5 21.axb5 Qxb5 22.Rxa7 Rfc8
23.Bf1 Qe8 24.Rxc8 Rxc8 25.f3 Ng5 26.Be2 e5 27.Qd2 e4 28.f4 Nf3+ 29.Bxf3 exf3
30.Kf2 Qh5 31.h4 Qg4 32.Qd1 Qh3 33.Qxf3 Rc2+ 34.Kg1 h6 35.Ra1 Qh2+ 36.Kf1 Qh3+
37.Kg1 Qh2+  1/2-1/2

[Event "Hafnarfjordur op"]
[Site "Hafnarfjordur"]
[Date "1996.??.??"]
[Round "9"]
[White "Engqvist, Thomas"]
[Black "Kristensen, Bjarke"]
[Result "1/2-1/2"]
[WhiteElo "2375"]
[BlackElo "2420"]

1.d4 Nf6 2.Nf3 e6 3.c4 b6 4.g3 Ba6 5.b3 Bb4+ 6.Bd2 Be7 7.Bg2 c6 8.Bc3 d5
9.Ne5 Nfd7 10.Nxd7 Nxd7 11.Nd2 O-O 12.O-O Rb8 13.a4 f5 14.Bb2 Bf6 15.b4 dxc4
16.Bxc6 b5 17.axb5 Bxb5 18.Bxb5 Rxb5 19.Qa4 Rd5 20.Qc6 Qb6 21.Qxc4 a5 22.Bc3 axb4
23.Rab1 Qb5 24.Rxb4 Qxc4 25.Rxc4 e5 26.dxe5 Nxe5 27.Bxe5 Rxd2 28.Bxf6 Rxf6
29.e3 Rfd6 30.Rb1 Rd1+ 31.Rxd1 Rxd1+ 32.Kg2 h5 33.Rc5 g6 34.Rc7 Ra1 35.Rd7 Ra2
36.h3 Kf8 37.Kf3 Rb2 38.Ra7 Rb4 39.Rd7 Rb2 40.g4 hxg4+ 41.hxg4 fxg4+ 42.Kg3 Ra2
43.Rd4 Kf7 44.Rxg4 Ra1 45.Rb4 Kf6 46.Rb6+ Kf5 47.f3 Ra3 48.e4+ Kg5 49.Rb5+ Kf6
50.Kg4 Ra1 51.Rb6+ Kf7 52.Rd6 Rg1+ 53.Kf4 Ke7 54.Ra6 Rg2 55.Ke3 Kf7 56.f4 Rg4
57.Ra1 Rh4 58.Kf3 Rh3+ 59.Kg4 Rh2 60.Ra7+ Ke6 61.e5 Rg2+ 62.Kf3 Rg1 63.Ra6+ Ke7
64.Rf6 Ke8 65.Ke4 Ke7 66.Rd6 Re1+ 67.Kd5 Rd1+ 68.Kc6 Rc1+ 69.Kd5 Rd1+ 70.Kc5 Rc1+
71.Kb4 Re1 72.Rxg6 Re4+ 73.Kc5 Rxf4 74.Kd5 Ra4 75.Rg7+ Ke8 76.Ke6 Ra6+ 77.Kf5 Kf8
78.Rd7 Ke8 79.Rb7 Kf8 80.e6  1/2-1/2

[Event "Hafnarfjordur op"]
[Site "Hafnarfjordur"]
[Date "1996.??.??"]
[Round "9"]
[White "Edvardsson, Kristjan"]
[Black "Einarsson, Bergsteinn"]
[Result "1/2-1/2"]
[WhiteElo "2200"]
[BlackElo "2175"]

1.d4 Nf6 2.c4 e6 3.Nf3 b6 4.g3 Ba6 5.b3 Bb4+ 6.Bd2 Be7 7.Nc3 d5 8.Bg2 c6
9.O-O Nbd7 10.Bg5 O-O 11.Rc1 Rc8 12.cxd5 cxd5 13.Bf4 Bb4 14.Bd2 Bxc3 15.Bxc3 Ne4
16.Bb4 Re8 17.Re1 Qf6 18.Rc2 Qf5 19.e3 Rxc2 20.Qxc2 Rc8 21.Qb2 Ng5 22.Nd2 Nf6
23.f3 Nh3+ 24.Bxh3 Qxh3 25.Rc1 Rxc1+ 26.Qxc1 h5 27.Qc7 h4 28.Bd6 Qf5 29.Qc3 Be2
30.g4 Nxg4 31.fxg4 Bxg4 32.Bf4 Bh3 33.Bd6 Qg4+ 34.Kf2 Qg2+ 35.Ke1 Qg1+ 36.Ke2 Bg4+
37.Kd3 Bf5+ 38.Ke2 Bg4+ 39.Kd3 Bf5+ 40.Ke2 Bg4+ 41.Kd3 Bf5+  1/2-1/2

[Event "GER-ch U20 Girls"]
[Site "Halle"]
[Date "1996.??.??"]
[Round "4"]
[White "Meissner, Claudia"]
[Black "Elschner, Annegret"]
[Result "1-0"]
[WhiteElo "2130"]
[BlackElo "2040"]

1.d4 e6 2.Nf3 Nf6 3.c4 b6 4.g3 Ba6 5.Qa4 c5 6.Nc3 Bb7 7.dxc5 Bxc5 8.Bg2 O-O
9.O-O d5 10.Bg5 dxc4 11.Rad1 Qe7 12.Bxf6 Qxf6 13.Qxc4 Rc8 14.Qd3 Na6 15.Qb1 Rd8
16.Ne4 Qe7 17.Ne5 Bd4 18.Ng5 Qxg5 19.Bxb7 Rab8 20.Nf3 Qc5 21.Bxa6 b5 22.Nxd4 Rxd4
23.Rxd4 Qxd4 24.Rd1 Qb6 25.Qd3 g6 26.Qd6  1-0

[Event "Hallsberg op"]
[Site "Hallsberg"]
[Date "1996.??.??"]
[Round "9"]
[White "Doettling, Fabian"]
[Black "Akesson, Ralf"]
[Result "1/2-1/2"]
[WhiteElo "2230"]
[BlackElo "2505"]

1.d4 Nf6 2.Nf3 e6 3.c4 b6 4.g3 Ba6 5.b3 Bb4+ 6.Bd2 Be7 7.Nc3 Bb7 8.Bg2 O-O
9.O-O Na6 10.Bc1 d5 11.Ne5 Qc8 12.cxd5 exd5 13.Bb2 Rd8 14.Rc1 c5 15.Nd3 Ne4
16.dxc5 bxc5 17.Qc2 Bg5 18.e3 Nxc3 19.Bxc3 d4 20.Bxb7 Qxb7 21.Bd2 dxe3 22.Bxe3 Bxe3
23.fxe3 Rac8 24.Qc4 Rc7 25.Rf2 Kh8 26.Rcf1 f6 27.Rf5 Re8 28.Nxc5 Nxc5 29.Rxc5 Rce7
30.Re1 h6 31.Qe2 Qb6 32.Rc3 Re4 33.Qf2 h5 34.Qf5 R4e5 35.Qf4 Qe6 36.Rf1 Qb6
37.Qd4 Qa6 38.Rf2 Re4 39.Qd5 R8e5 40.Qd8+ Kh7 41.Qd3  1/2-1/2